000 00868 a2200169 4500
003 Nust
005 20221205112819.0
040 _cNust
082 _a621.381535,SEN
100 _a: Sentz, Robert E.
_9104096
245 _aFeedback amplifiers and oscillators /
_cRobert E. Sentz & Robert A. Bartkowiak
260 _aNew York,
_bHolt, Rinehart and Winston [
_c1968]
300 _axi, 218 p. illus
_b. 23 cm.
505 _aFundamental Types of Feedback (Page-1), Single-Stage Feedback Amplifiers (Page-19), Stability, Phase Shift and Frequency Response (Page-64), The Simple Oscillatory Circuit and Four-Terminal LC Oscillators (Page-108), Crystal Oscillators (Page-135), Negative Resistance Oscillators (Page-148), RC Phase-Shift Oscillators (Page-161), UHF and Microwave Oscillators (Page-176).
650 _aTelecommunications Engineering.
_958485
942 _2ddc
_cBK
999 _c182972
_d182972